Normal view
MARC view
- Miller, Alan R
Entry Personal Name
001 - CONTROL NUMBER
- control field: 7065
003 - CONTROL NUMBER IDENTIFIER
- control field: OSt
005 - DATE AND TIME OF LATEST TRANSACTION
- control field: 20250204144924.0
008 - FIXED-LENGTH DATA ELEMENTS
- fixed length control field: 250204|| aca||aabn | a|a d
040 ## - CATALOGING SOURCE
- Original cataloging agency: OSt
- Transcribing agency: OSt
100 ## - HEADING--PERSONAL NAME
- Personal name: Miller, Alan R
670 ## - SOURCE DATA FOUND
- Source citation: Work cat.: (OSt)19292: Miller, Alan R, The ABC's of Dos4
